| 000 | 00687nam a2200253Ia 4500 | ||
|---|---|---|---|
| 003 | OSt | ||
| 005 | 20220918191819.0 | ||
| 006 | a|||||r|||| 00| 0 | ||
| 007 | ta | ||
| 008 | 220917b |||||||| |||| 00| 0 eng d | ||
| 024 | _a65,248 | ||
| 037 | _cTextual | ||
| 040 |
_aARTS _cARTS _beng |
||
| 041 |
_2eng _aeng |
||
| 082 | _aQ8441:2J68,J, L7 | ||
| 100 | _aTalib Gurbachan Singh | ||
| 245 | 0 |
_aJapuji _b the immortal prayer chunt |
|
| 260 |
_aNew Delhi _bMunshiram Manoharlal _c1976 |
||
| 300 |
_aviii,160p. _ccm. |
||
| 500 | _aBib 157-58p | ||
| 650 | _aRELIGION | ||
| 942 |
_hQ8441:2J68,J, L7 _cTEXL _2CC |
||
| 999 |
_c191501 _d191501 |
||